Quizzes
Events
Quiz Creation
Community
Videos
Private Events
Remove Ads
Sign In
Join for FREE
Feedback
Dark Mode
Quiz Categories
Sports
Geography
Music
Movies
Television
Just For Fun
Miscellaneous
History
Literature
Language
Science
Gaming
Entertainment
Religion
Holiday
For Kids
Quiz Lab
Recent
Popular Today
Quiz Kudos Today
Editor Picks
Curator Picks
Quizzes by...
Day
Popularity
Type
Ratings
Length
Year
Community
Subscriptions
Recent Discussions
Orange Saloon
Badges
Playlists
Quests
Create
Leaderboards
Showdown
Live 5
Trivia Bingo
Activity
Puzzle Library
Sporcle Events
Private Events
Virtual Trivia
Globe League
Become a Host
Pub Owners
SporcleCon
Opinionation
Our Games
Videos
Blog
Mobile Apps
Partnerships
Remove Ads and Go Orange
Feedback
Entertainment
Celebrity
Famous
Musical
Broadway
Show
Quote
Comic Books
Anime
Superhero
DC Comics
Marvel
Cartoons
Animation
Entertainment
Celebrity
Famous
Musical
Broadway
Show
Quote
Comic Books
Anime
Superhero
DC Comics
Marvel
Cartoons
Animation
Random Quiz
Search Sporcle
×
Quiz Lab
Quiz Lab
Entertainment
The Simpsons
Type in answers that appear in a list
Type in answers that appear in a list
Classic
Best Score? Go Orange.
Better Known As (The Simpsons) Stats
Can you name the Simpsons characters given their real name?
By
Answer
6m
20 Questions
309 Plays
309 Plays
309 Plays
Comments
Comments
Give Quiz Kudos
Give Quiz Kudos
-
- Ratings
hide this ad
Forced Order
Answers have to be entered in order
Answers have to be entered in order
Random Order
Randomize order of answers
Randomize order of answers
Replay
Link that replays current quiz
Next Quiz
Link to next quiz in quiz playlist
You Got
0%
They Got
Avg Score
41%
Avg Friend Score
Upgrade to see
Score Distribution
Jump to the score distribution portion of the page
Score
0/20
Timer
06:00
0
Plays Today
Real Name
Better Known As
% Correct
Barry Duffman
Duffman
88.7%
Robert Terwilliger
Sideshow Bob
87.1%
Hans Sprungfeld
Jebediah Springfield
67.6%
Jeff Albertson
Comic Book Guy
61.5%
Melvin Van Horne
Sideshow Mel
61.2%
Horatio McCallister
Sea Captain
60.8%
William Williams or Anthony D'Amico
Fat Tony
57.9%
Eleanor Abernathy
Crazy Cat Lady
52.8%
Doris Freedman
Lunchlady Doris
48.9%
Corky James Jones
Jimbo Jones
46.6%
Real Name
Better Known As
% Correct
Helen Schwartzbaum
Helen Lovejoy
44.3%
Gil Gunderson
Ol' Gil
40.8%
'Pedro'
Bumblebee Man
36.2%
Chester Turley
Snake
15.2%
Colonel Antoine O'Hara
Rich Texan
12.6%
Jeremy Freedman
Squeaky-Voiced Teen
12.6%
Shauna Tifton
Princess Kashmir
9.7%
Louis Toot
Mr Teeny
8.1%
Rod Runtledge
Fallout Boy
5.8%
'Asa'
Old Jewish Man
4.5%
Quiz Playlist
Details
Report
Send in Message
Add To Playlist
Classic:
Type in answers that appear in a list
Forced Order:
Answers have to be entered in order
Random Order:
Randomize order of answers
Quiz Source
Last Updated: Feb 16, 2017
Quiz Scoreboard
CHALLENGE
Sign Up to Join the Scoreboard
Show All
Scores
Hide
Comments
May contain spoilers
Recently Published
Presidents Visiting Landmarks
by Hejman
History
7m
An Introduction to Baseball
by treessimontrees
Sports
5m
Movies - When Are They Set?
by FPL_Elf
Movies
5m
More to Explore
Quiz From the Vault
Featured Blog Post
Where Did the Easter Bunny Come From?
hide this ad
You Might Also Like...
Tags
The Simpsons Quiz
aka
Better
Character
Known
name
nickname
Today's Top Quizzes in Entertainment
Browse Entertainment
hide this ad
Today's Top Quizzes in The Simpsons
Browse The Simpsons
Top Contributed Quizzes in Entertainment
1
7-to-1: DC Comics Villains
2
Marvel Characters Bunker
3
Eurovision 2023 Logic Puzzle
4
Kamen Rider Motifs
5
Dragon Ball Z: Goku's Fights in Order
6
Criteria Quickie: Cartoon Taxonomy II
7
Fictional Villains Letter U Blitz
8
Dragon Ball Z: Mega Character Search
9
Sorting Pictures: Villains
10
Mini Trivia Sudoku: Musicals
Explore More
Trending Topics
Disney
NBA
Kpop
Crossword
Anime
Harry Potter
Marvel
Puzzle
Pokémon
Soccer
Country
NFL
The Office
Song
WWE
hide this ad
More By:
Answer
Quiz
Plays
Rating
Category
Featured
Created
Speed Math (1-100)
894,307
4.45
Science
Apr 28, 2013
Simple Math Minefield (1-100)
421,452
4.50
Science
May 5, 2013
Tough Math Minefield
186,913
4.09
Science
Apr 26, 2013
Newcastle Number 9's
682
5.00
Sports
Apr 2, 2013
Words: Real or Fake?
660
5.00
Language
Sep 8, 2016
Go to Creator's Profile
Score Distribution
Quiz Creator Spotlight
Answer
Follow
Send a Message
Quizzes Created
-
Created Quiz Play Count
-
More By This Creator
Popular Quizzes Today
1
Find the US States - No Outlines Minefield
2
Find the Countries of Europe - No Outlines Minefield
3
The Countries of the World
4
Find the US States
5
Popular People in 1961
6
US States
7
Risky Map Clicking: Biggest States A-Z
8
Movies - When Are They Set?
More Entertainment Quizzes
Sunday Crossword - Game of Thrones 1
Quiz Lab
Trending Quizzes
Risky Map Clicking: Least Populous States A-Z
1-10 Letter G Words
1-10 Letter F Words
Risky Map Clicking: Next State Alphabetically
Risky Map Clicking: Biggest States A-Z
Recently Updated
Leaping Animals
pecheneg
Reality TV Shows (A-Z)
bhenderson79
Rickey Henderson's Hall of Fame Teammates
pecheneg
Champions League XIs: Arsenal
pecheneg
Quick Pick: Celebrities in WWE's Hall of Fame
aduchscher
A-Z Keypad Blitz II
pecheneg
Multiple Oscar Actors
pecheneg
Mystery Phrase Blitz: Oscar 'Best Actors'
pecheneg
F. Scott Fitzgerald Novels
LTH
Pick 3 Villains
ddd62291
Trending Topics
Marvel
Disney
Crossword
Kpop
NBA
Harry Potter
Anime
Song
WWE
Soccer
The Office
NFL
Puzzle
Country
Pokémon
Your Account Isn't Verified!
In order to create a playlist on Sporcle, you need to verify the email address you used during registration. Go to your
Sporcle Settings
to finish the process.
Report this User
Report this user for behavior that violates our
Community Guidelines
.
Details:
Send Report
Go to the Sporcle.com Mobile Site →
Comments